| 000 | 00935cam a22002891i 4500 | ||
|---|---|---|---|
| 001 | 2639288 | ||
| 003 | EG-ScBUE | ||
| 005 | 20240609113242.0 | ||
| 008 | 730109t1960 nyuab f b 001 0 eng d | ||
| 040 |
_aDLC _beng _erda _cDLC _dDLC _dEG-ScBUE |
||
| 043 |
_afl----- _af-ua--- |
||
| 082 | 0 | 4 |
_a962 _222 _bMOO |
| 100 | 1 |
_aMoorehead, Alan, _d1910-1983, _eauthor. _910775 |
|
| 245 | 1 | 4 |
_aThe White Nile / _cby Alan Moorehead. |
| 264 | 1 |
_aNew York : _bHarper & Row Publishers, _c[1960] |
|
| 264 | 4 | _cc1960 | |
| 300 |
_a385 pages : _billustrations, maps ; _c22 cm |
||
| 336 |
_2rdacontent _atext _btxt |
||
| 337 |
_aunmediated _2rdamedia _bn |
||
| 338 |
_avolume _bnc _2rdacarrier |
||
| 504 | _aIncludes bibliographical references and index. | ||
| 651 | 7 |
_aNile River Valley _xHistory. _2BUEsh _910776 |
|
| 651 | 7 |
_aEgypt _xCivilization. _2BUEsh _910774 |
|
| 655 | _vReading book | ||
| 942 |
_2ddc _cBB |
||
| 999 |
_c13236 _d13236 |
||